000 00360nam a2200133Ia 4500
005 20260328104244.0
008 260328s9999||||xx |||||||||||||| ||und||
100 _aBarral i Altet, Xavier
245 0 _aEl Romanico :
_b Ciudades, catedrales y monasterios /
_cXavier Barral i Altet
260 _bTaschen
300 _a237 p.
650 _aROMÁNICO
942 _cBK
999 _c10008
_d10008